000 02089nam a22001577a 4500
041 _aukr
080 _a09
090 _bГРИ
100 _aГригорєва М. В.
245 _aКонцепція "Емоція" та її вербалізація засобами англійської фразеології.
260 _aОстрог
_bКАФ
_c2007
300 _a92
520 _aВступ. Розділ 1. Особливості ідентифікації та інтерпритації ФО на позначення емоційних станів людини. 1.1. Проблеми інтерпретації ФО. 1.2. Проблеми ідентифікації ФО. 1.2.1. Характеристика моделювання процесів прочитання фразеологізмів. 1.2.2. Ідентифікація фразеологізмів на основі мовних асоціацій. 1.2.3. Антропоцентричний та антропометричний аспект ФО. 1.3. Явище емотивності ФО. Розділ 2. Семантичний аналіз ФО на позначення емоційних станів любові, симпатії, антипатії та агресії. 2.1. Опис групи ФО, що виражають почуття симпатії та захоплення. 2.2. Опис групи ФО, що виражають почуття любові та кохання. 2.3. Опис групи ФО, що називають обєкт симпатії та любові. 2.4. Опис групи ФО, що характеризують обєкт зневаги, неприязні та негативної оцінки. 2.5. Опис групи ФО на позначення почуття зневаги та неприязні. 2.6. Опис групи ФО на позначення емоційного стану агресії та роздратування. Висновки.
_0фразеологія, семантика
650 _aResearch Papers
999 _c284074
_d284074
942 _cBK